[Event "45th FIDE Chess Olympiad Open"]
[Site "Budapest, Hungary"]
[Date "2024.09.19"]
[Round "8"]
[White "Djukic, Nikola"]
[Black "Erdogmus, Yagiz Kaan"]
[Result "0-1"]
[Board "59"]
[WhiteFideId "922412"]
[BlackFideId "44599790"]
[WhiteTitle "GM"]
[BlackTitle "GM"]
[WhiteElo "2515"]
[BlackElo "2592"]
[WhiteTeam "Montenegro"]
[BlackTeam "Turkiye"]
[WhiteClock "0:12:57"]
[BlackClock "0:21:00"]
[Variant "Standard"]

1. e4 {[%clk 1:30:57]}  e5 {[%clk 1:30:55]} 2. Nf3 {[%clk 1:31:19]}  Nc6 {[%clk 1:31:21]} 3. Bb5 {[%clk 1:31:41]}  a6 {[%clk 1:31:47]} 4. Ba4 {[%clk 1:32:05]}  Nf6 {[%clk 1:32:13]} 5. O-O {[%clk 1:32:25]}  Be7 {[%clk 1:32:29]} 6. d3 {[%clk 1:32:25]}  b5 {[%clk 1:32:51]} 7. Bb3 {[%clk 1:32:48]}  d6 {[%clk 1:33:11]} 8. c3 {[%clk 1:32:47]}  O-O {[%clk 1:33:15]} 9. h3 {[%clk 1:32:44]}  Na5 {[%clk 1:27:50]} 10. Bc2 {[%clk 1:32:57]}  c5 {[%clk 1:28:16]} 11. d4 {[%clk 1:32:37]}  Qc7 {[%clk 1:13:59]} 12. d5 {[%clk 1:32:16]}  c4 {[%clk 1:09:22]} 13. b4 {[%clk 1:29:30]}  Nb7 {[%clk 0:59:07]} 14. a4 {[%clk 1:28:49]}  bxa4 {[%clk 0:58:49]} 15. Re1 {[%clk 1:12:47]}  a5 {[%clk 0:55:22]} 16. Bxa4 {[%clk 1:12:53]}  Bd7 {[%clk 0:35:00]} 17. Bd2 {[%clk 0:59:28]}  Rfc8 {[%clk 0:30:33]} 18. Qc2 {[%clk 0:53:57]}  Bd8 {[%clk 0:27:55]} 19. Ra3 {[%clk 0:50:51]}  Bxa4 {[%clk 0:26:07]} 20. Rxa4 {[%clk 0:51:03]}  Qd7 {[%clk 0:23:42]} 21. Qa2 {[%clk 0:43:24]}  h6 {[%clk 0:22:46]} 22. Bc1 {[%clk 0:35:26]}  Qb5 {[%clk 0:14:02]} 23. g3 {[%clk 0:26:32]}  Nd7 {[%clk 0:09:43]} 24. Be3 {[%clk 0:15:50]}  Bb6 {[%clk 0:07:44]} 25. Ra3 {[%clk 0:12:46]}  Bxe3 {[%clk 0:05:39]} 26. Rxe3 {[%clk 0:12:46]}  Nb6 {[%clk 0:05:50]} 27. bxa5 {[%clk 0:11:38]}  Rxa5 {[%clk 0:05:17]} 28. Rxa5 {[%clk 0:09:22]}  Nxa5 {[%clk 0:05:44]} 29. Nbd2 {[%clk 0:07:45]}  Nb3 {[%clk 0:05:12]} 30. Qa3 {[%clk 0:07:57]}  Nc5 {[%clk 0:05:17]} 31. Qa7 {[%clk 0:06:53]}  Nba4 {[%clk 0:01:32]} 32. Qe7 {[%clk 0:04:58]}  Qd7 {[%clk 0:01:39]} 33. Qxd7 {[%clk 0:05:02]}  Nxd7 {[%clk 0:02:08]} 34. Ne1 {[%clk 0:05:23]}  f5 {[%clk 0:01:54]} 35. exf5 {[%clk 0:02:43]}  Nf6 {[%clk 0:02:09]} 36. Nc2 {[%clk 0:03:04]}  Nxd5 {[%clk 0:02:11]} 37. Re4 {[%clk 0:03:30]}  Nab6 {[%clk 0:01:46]} 38. Nb1 {[%clk 0:03:21]}  Ra8 {[%clk 0:01:31]} 39. Re2 {[%clk 0:02:08]}  Ra2 {[%clk 0:01:21]} 40. Rd2 {[%clk 0:01:22]}  Rb2 {[%clk 0:00:57]} 41. Nba3 {[%clk 0:23:39]}  Kf7 {[%clk 0:28:21]} 42. f4 {[%clk 0:15:42]}  exf4 {[%clk 0:21:52]} 43. gxf4 {[%clk 0:16:06]}  Rb3 {[%clk 0:21:00]} 44. Kf2 {[%clk 0:12:57]}  Nxc3 {[%clk 0:21:00]} 0-1

[Event "45th FIDE Chess Olympiad Open"]
[Site "Budapest, Hungary"]
[Date "2024.09.19"]
[Round "8"]
[White "Can, Emre"]
[Black "Draskovic, Luka"]
[Result "1/2-1/2"]
[Board "60"]
[WhiteFideId "6302181"]
[BlackFideId "944335"]
[WhiteTitle "GM"]
[BlackTitle "GM"]
[WhiteElo "2547"]
[BlackElo "2497"]
[WhiteTeam "Turkiye"]
[BlackTeam "Montenegro"]
[WhiteClock "0:02:31"]
[BlackClock "0:01:06"]
[Variant "Standard"]

1. e4 {[%clk 1:30:56]}  d6 {[%clk 1:30:51]} 2. d4 {[%clk 1:31:01]}  Nf6 {[%clk 1:31:15]} 3. Nc3 {[%clk 1:31:09]}  e5 {[%clk 1:31:38]} 4. Nf3 {[%clk 1:31:25]}  Nbd7 {[%clk 1:31:43]} 5. Rg1 {[%clk 1:31:33]}  c6 {[%clk 1:30:56]} 6. g4 {[%clk 1:30:52]}  h6 {[%clk 1:31:05]} 7. Be3 {[%clk 1:30:40]}  Be7 {[%clk 1:31:12]} 8. a3 {[%clk 1:30:50]}  Nf8 {[%clk 1:00:01]} 9. h3 {[%clk 1:31:01]}  Ng6 {[%clk 1:00:26]} 10. Qd2 {[%clk 1:26:38]}  Nh7 {[%clk 0:52:23]} 11. O-O-O {[%clk 1:20:44]}  Ng5 {[%clk 0:51:15]} 12. Qe2 {[%clk 1:20:54]}  Qc7 {[%clk 0:38:08]} 13. Kb1 {[%clk 1:18:06]}  Nxf3 {[%clk 0:35:06]} 14. Qxf3 {[%clk 1:18:27]}  Bg5 {[%clk 0:35:22]} 15. Bc4 {[%clk 1:16:10]}  b5 {[%clk 0:26:08]} 16. Bb3 {[%clk 1:11:39]}  Nh4 {[%clk 0:19:44]} 17. Qg3 {[%clk 1:01:24]}  Ng6 {[%clk 0:19:39]} 18. Ne2 {[%clk 0:39:03]}  Bb7 {[%clk 0:15:33]} 19. f4 {[%clk 0:37:48]}  exf4 {[%clk 0:16:00]} 20. Nxf4 {[%clk 0:38:03]}  Nxf4 {[%clk 0:16:02]} 21. Bxf4 {[%clk 0:38:27]}  O-O-O {[%clk 0:16:29]} 22. h4 {[%clk 0:37:28]}  Bxf4 {[%clk 0:16:32]} 23. Qxf4 {[%clk 0:37:55]}  Rd7 {[%clk 0:14:52]} 24. Rgf1 {[%clk 0:28:50]}  Kb8 {[%clk 0:14:29]} 25. g5 {[%clk 0:28:58]}  hxg5 {[%clk 0:12:47]} 26. hxg5 {[%clk 0:29:22]}  d5 {[%clk 0:11:52]} 27. e5 {[%clk 0:26:56]}  g6 {[%clk 0:11:23]} 28. Qf6 {[%clk 0:21:05]}  Re8 {[%clk 0:11:47]} 29. c3 {[%clk 0:21:17]}  Rde7 {[%clk 0:11:23]} 30. Bc2 {[%clk 0:20:18]}  Bc8 {[%clk 0:11:47]} 31. Rh1 {[%clk 0:19:48]}  Be6 {[%clk 0:11:26]} 32. Rh7 {[%clk 0:18:30]}  c5 {[%clk 0:10:17]} 33. dxc5 {[%clk 0:17:08]}  Qxc5 {[%clk 0:09:52]} 34. Rd4 {[%clk 0:17:11]}  Rb7 {[%clk 0:09:26]} 35. Rh8 {[%clk 0:11:26]}  Rxh8 {[%clk 0:07:31]} 36. Qxh8+ {[%clk 0:11:53]}  Kc7 {[%clk 0:07:10]} 37. Qf6 {[%clk 0:10:45]}  Rb6 {[%clk 0:06:55]} 38. Qf4 {[%clk 0:10:34]}  Rb8 {[%clk 0:04:27]} 39. Qh2 {[%clk 0:08:17]}  Kb7 {[%clk 0:02:36]} 40. Ka1 {[%clk 0:07:33]}  Ka8 {[%clk 0:02:35]} 41. Bb3 {[%clk 0:06:11]}  Rd8 {[%clk 0:30:13]} 42. Qd2 {[%clk 0:33:37]}  Rd7 {[%clk 0:27:47]} 43. Bd1 {[%clk 0:31:20]}  Rd8 {[%clk 0:25:45]} 44. Bf3 {[%clk 0:31:34]}  Rd7 {[%clk 0:23:49]} 45. Qd3 {[%clk 0:29:18]}  Kb8 {[%clk 0:23:07]} 46. Bg4 {[%clk 0:20:20]}  Bxg4 {[%clk 0:21:44]} 47. Rxg4 {[%clk 0:20:44]}  Re7 {[%clk 0:21:34]} 48. Rb4 {[%clk 0:19:27]}  a6 {[%clk 0:20:04]} 49. a4 {[%clk 0:19:19]}  Rb7 {[%clk 0:17:04]} 50. e6 {[%clk 0:14:41]}  Qg1+ {[%clk 0:08:38]} 51. Ka2 {[%clk 0:15:05]}  Qxg5 {[%clk 0:06:26]} 52. exf7 {[%clk 0:15:15]}  Rxf7 {[%clk 0:06:42]} 53. axb5 {[%clk 0:15:31]}  Rb7 {[%clk 0:05:58]} 54. b6 {[%clk 0:13:49]}  Qf6 {[%clk 0:04:14]} 55. Qxa6 {[%clk 0:13:21]}  Qe6 {[%clk 0:03:50]} 56. Rd4 {[%clk 0:05:29]}  g5 {[%clk 0:03:09]} 57. Qa5 {[%clk 0:04:50]}  Rxb6 {[%clk 0:02:51]} 58. Qxd5 {[%clk 0:04:52]}  Qxd5+ {[%clk 0:02:48]} 59. Rxd5 {[%clk 0:05:21]}  Rg6 {[%clk 0:03:13]} 60. Rd3 {[%clk 0:05:29]}  g4 {[%clk 0:03:26]} 61. Rg3 {[%clk 0:05:52]}  Kc7 {[%clk 0:03:50]} 62. b4 {[%clk 0:06:11]}  Kd6 {[%clk 0:01:54]} 63. Kb3 {[%clk 0:06:22]}  Kd5 {[%clk 0:01:27]} 64. c4+ {[%clk 0:06:22]}  Kd4 {[%clk 0:01:15]} 65. c5 {[%clk 0:06:26]}  Kd5 {[%clk 0:01:28]} 66. Kc3 {[%clk 0:06:04]}  Rg8 {[%clk 0:01:44]} 67. Kd3 {[%clk 0:05:28]}  Rg7 {[%clk 0:01:56]} 68. Kc3 {[%clk 0:03:27]}  Rg8 {[%clk 0:02:20]} 69. Kb3 {[%clk 0:03:32]}  Rg7 {[%clk 0:02:43]} 70. Rd3+ {[%clk 0:03:34]}  Kc6 {[%clk 0:02:24]} 71. Kc4 {[%clk 0:03:12]}  g3 {[%clk 0:02:48]} 72. b5+ {[%clk 0:03:38]}  Kb7 {[%clk 0:00:54]} 73. Rd1 {[%clk 0:02:43]}  g2 {[%clk 0:01:19]} 74. Rg1 {[%clk 0:03:10]}  Rg5 {[%clk 0:01:06]} 75. Kd4 {[%clk 0:02:31]} 1/2-1/2

[Event "45th FIDE Chess Olympiad Open"]
[Site "Budapest, Hungary"]
[Date "2024.09.19"]
[Round "8"]
[White "Cheparinov, Ivan"]
[Black "Supi, Luis Paulo"]
[Result "1/2-1/2"]
[Board "61"]
[WhiteFideId "2905540"]
[BlackFideId "2106388"]
[WhiteTitle "GM"]
[BlackTitle "GM"]
[WhiteElo "2628"]
[BlackElo "2570"]
[WhiteTeam "Bulgaria"]
[BlackTeam "Brazil"]
[WhiteClock "0:21:54"]
[BlackClock "0:12:49"]
[Variant "Standard"]

1. d4 {[%clk 1:30:57]}  d5 {[%clk 1:27:56]} 2. c4 {[%clk 1:30:53]}  e6 {[%clk 1:28:22]} 3. Nf3 {[%clk 1:31:18]}  a6 {[%clk 1:28:44]} 4. g3 {[%clk 1:31:29]}  dxc4 {[%clk 1:28:36]} 5. Bg2 {[%clk 1:31:52]}  Nc6 {[%clk 1:28:10]} 6. O-O {[%clk 1:32:13]}  Rb8 {[%clk 1:28:16]} 7. a4 {[%clk 1:32:28]}  Bb4 {[%clk 1:27:32]} 8. Qc2 {[%clk 1:27:11]}  b5 {[%clk 1:26:53]} 9. axb5 {[%clk 1:24:16]}  axb5 {[%clk 1:25:51]} 10. b3 {[%clk 1:22:13]}  Nf6 {[%clk 1:23:25]} 11. Rd1 {[%clk 1:18:06]}  O-O {[%clk 1:20:29]} 12. bxc4 {[%clk 1:17:11]}  bxc4 {[%clk 1:20:38]} 13. Qxc4 {[%clk 1:12:31]}  Na5 {[%clk 1:09:43]} 14. Qc2 {[%clk 1:08:32]}  Bb7 {[%clk 1:07:55]} 15. Bf4 {[%clk 1:05:08]}  Qd5 {[%clk 0:25:04]} 16. Qxc7 {[%clk 0:49:58]}  Nc4 {[%clk 0:19:25]} 17. Ra7 {[%clk 0:39:49]}  Qb5 {[%clk 0:15:44]} 18. Rc1 {[%clk 0:34:58]}  Bd5 {[%clk 0:11:34]} 19. Nc3 {[%clk 0:21:57]}  Bxc3 {[%clk 0:10:55]} 20. Rxc3 {[%clk 0:22:24]}  Rbc8 {[%clk 0:09:49]} 21. Qe7 {[%clk 0:22:50]}  Qb2 {[%clk 0:07:40]} 22. Rc1 {[%clk 0:21:40]}  Qxe2 {[%clk 0:07:16]} 23. Re1 {[%clk 0:21:42]}  Qb2 {[%clk 0:05:43]} 24. Ng5 {[%clk 0:15:05]}  Rce8 {[%clk 0:04:15]} 25. Qc7 {[%clk 0:14:35]}  Qb4 {[%clk 0:00:39]} 26. Rea1 {[%clk 0:11:36]}  Rc8 {[%clk 0:00:41]} 27. Qe7 {[%clk 0:11:38]}  Qxe7 {[%clk 0:00:53]} 28. Rxe7 {[%clk 0:12:07]}  Bxg2 {[%clk 0:01:12]} 29. Kxg2 {[%clk 0:12:34]}  h6 {[%clk 0:01:07]} 30. Nf3 {[%clk 0:12:47]}  Nd5 {[%clk 0:01:33]} 31. Rb7 {[%clk 0:12:36]}  g5 {[%clk 0:00:45]} 32. Bc1 {[%clk 0:11:49]}  Ra8 {[%clk 0:01:08]} 33. Rba7 {[%clk 0:03:58]}  Rxa7 {[%clk 0:01:20]} 34. Rxa7 {[%clk 0:04:27]}  Rc8 {[%clk 0:01:31]} 35. Ba3 {[%clk 0:03:56]}  g4 {[%clk 0:01:17]} 36. Ne5 {[%clk 0:01:15]}  Nxe5 {[%clk 0:01:24]} 37. dxe5 {[%clk 0:01:44]}  Rc2 {[%clk 0:01:22]} 38. Kf1 {[%clk 0:01:25]}  Kg7 {[%clk 0:01:09]} 39. Rb7 {[%clk 0:00:50]}  Kg6 {[%clk 0:01:16]} 40. Rb8 {[%clk 0:00:44]}  Kf5 {[%clk 0:00:35]} 41. Rf8 {[%clk 0:28:44]}  Rc7 {[%clk 0:25:49]} 42. Bd6 {[%clk 0:28:29]}  Rb7 {[%clk 0:26:01]} 43. Kg2 {[%clk 0:28:41]}  Ke4 {[%clk 0:21:46]} 44. h3 {[%clk 0:24:25]}  gxh3+ {[%clk 0:19:39]} 45. Kxh3 {[%clk 0:23:49]}  Kf3 {[%clk 0:19:53]} 46. Bc5 {[%clk 0:20:41]}  Rc7 {[%clk 0:19:32]} 47. Bd6 {[%clk 0:21:02]}  Rb7 {[%clk 0:19:56]} 48. Bc5 {[%clk 0:21:30]}  Rc7 {[%clk 0:15:45]} 49. Bd6 {[%clk 0:21:54]}  Rb7 {[%clk 0:12:49]} 1/2-1/2

[Event "45th FIDE Chess Olympiad Open"]
[Site "Budapest, Hungary"]
[Date "2024.09.19"]
[Round "8"]
[White "Fier, Alexandr"]
[Black "Naiditsch, Arkadij"]
[Result "1/2-1/2"]
[Board "62"]
[WhiteFideId "2107139"]
[BlackFideId "4650891"]
[WhiteTitle "GM"]
[BlackTitle "GM"]
[WhiteElo "2551"]
[BlackElo "2643"]
[WhiteTeam "Brazil"]
[BlackTeam "Bulgaria"]
[WhiteClock "0:47:01"]
[BlackClock "0:04:34"]
[Variant "Standard"]

1. e4 {[%clk 1:30:56]}  e5 {[%clk 1:30:53]} 2. Nf3 {[%clk 1:31:23]}  Nc6 {[%clk 1:31:15]} 3. Bb5 {[%clk 1:31:49]}  Nf6 {[%clk 1:31:24]} 4. O-O {[%clk 1:32:14]}  Nxe4 {[%clk 1:31:16]} 5. Re1 {[%clk 1:32:40]}  Nd6 {[%clk 1:31:15]} 6. Nxe5 {[%clk 1:33:04]}  Be7 {[%clk 1:31:15]} 7. Bf1 {[%clk 1:33:29]}  Nxe5 {[%clk 1:30:46]} 8. Rxe5 {[%clk 1:33:54]}  O-O {[%clk 1:31:06]} 9. d4 {[%clk 1:34:22]}  Bf6 {[%clk 1:29:58]} 10. Re1 {[%clk 1:28:48]}  Re8 {[%clk 1:29:26]} 11. c3 {[%clk 1:29:13]}  Rxe1 {[%clk 1:27:19]} 12. Qxe1 {[%clk 1:29:40]}  Qe7 {[%clk 1:18:36]} 13. Qxe7 {[%clk 1:21:39]}  Bxe7 {[%clk 1:17:12]} 14. a4 {[%clk 1:22:07]}  b6 {[%clk 1:14:03]} 15. a5 {[%clk 1:21:24]}  Bb7 {[%clk 1:07:51]} 16. Bf4 {[%clk 1:21:42]}  g5 {[%clk 1:07:57]} 17. Bxd6 {[%clk 1:17:15]}  Bxd6 {[%clk 1:08:17]} 18. Nd2 {[%clk 1:17:42]}  Bf8 {[%clk 0:58:42]} 19. Nc4 {[%clk 1:10:04]}  b5 {[%clk 0:51:58]} 20. a6 {[%clk 1:06:08]}  Bc8 {[%clk 0:48:51]} 21. Ne3 {[%clk 1:01:53]}  c6 {[%clk 0:48:52]} 22. Bd3 {[%clk 0:58:39]}  d5 {[%clk 0:46:01]} 23. b4 {[%clk 0:58:56]}  h5 {[%clk 0:41:19]} 24. g3 {[%clk 0:57:15]}  Kg7 {[%clk 0:37:43]} 25. Bf5 {[%clk 0:52:44]}  Bxf5 {[%clk 0:35:48]} 26. Nxf5+ {[%clk 0:53:10]}  Kg6 {[%clk 0:36:04]} 27. Ne3 {[%clk 0:53:34]}  Re8 {[%clk 0:34:20]} 28. Kf1 {[%clk 0:53:58]}  g4 {[%clk 0:29:04]} 29. Re1 {[%clk 0:49:48]}  Re4 {[%clk 0:20:23]} 30. Nc2 {[%clk 0:49:51]}  Kf5 {[%clk 0:19:05]} 31. Na1 {[%clk 0:49:18]}  Ke6 {[%clk 0:11:17]} 32. Nb3 {[%clk 0:48:51]}  f5 {[%clk 0:11:16]} 33. Nd2 {[%clk 0:46:54]}  Rxe1+ {[%clk 0:11:34]} 34. Kxe1 {[%clk 0:47:21]}  f4 {[%clk 0:11:51]} 35. Ke2 {[%clk 0:46:31]}  Bd6 {[%clk 0:12:07]} 36. Nb3 {[%clk 0:45:49]}  Bc7 {[%clk 0:11:41]} 37. Nd2 {[%clk 0:37:13]}  Kf5 {[%clk 0:11:35]} 38. Nf1 {[%clk 0:36:48]}  Bd8 {[%clk 0:07:35]} 39. Nd2 {[%clk 0:29:59]}  h4 {[%clk 0:07:46]} 40. Kd3 {[%clk 0:27:09]}  Kg5 {[%clk 0:01:55]} 41. Nf1 {[%clk 0:26:34]}  Bc7 {[%clk 0:02:03]} 42. Ke2 {[%clk 0:26:42]}  Bd6 {[%clk 0:01:35]} 43. Kd3 {[%clk 0:27:03]}  Be7 {[%clk 0:15:16]} 44. Nd2 {[%clk 0:54:23]}  Kf5 {[%clk 0:15:29]} 45. Ke2 {[%clk 0:46:32]}  Bg5 {[%clk 0:11:49]} 46. Nb3 {[%clk 0:46:58]}  Bd8 {[%clk 0:09:14]} 47. Nd2 {[%clk 0:47:08]}  Bc7 {[%clk 0:07:53]} 48. Nf1 {[%clk 0:47:33]}  Kg5 {[%clk 0:05:21]} 49. Kd3 {[%clk 0:47:01]}  Bd6 {[%clk 0:04:34]} 1/2-1/2

[Event "45th FIDE Chess Olympiad Open"]
[Site "Budapest, Hungary"]
[Date "2024.09.19"]
[Round "8"]
[White "Petkov, Momchil"]
[Black "Quintiliano, Renato R."]
[Result "1/2-1/2"]
[Board "63"]
[WhiteFideId "2921642"]
[BlackFideId "2117568"]
[WhiteTitle "GM"]
[BlackTitle "GM"]
[WhiteElo "2540"]
[BlackElo "2499"]
[WhiteTeam "Bulgaria"]
[BlackTeam "Brazil"]
[WhiteClock "0:19:38"]
[BlackClock "0:13:39"]
[Variant "Standard"]

1. d4 {[%clk 1:30:41]}  d5 {[%clk 1:30:53]} 2. c4 {[%clk 1:30:57]}  dxc4 {[%clk 1:31:16]} 3. Nf3 {[%clk 1:31:06]}  Nf6 {[%clk 1:31:29]} 4. e3 {[%clk 1:31:24]}  e6 {[%clk 1:31:40]} 5. Bxc4 {[%clk 1:31:40]}  c5 {[%clk 1:31:50]} 6. O-O {[%clk 1:31:14]}  a6 {[%clk 1:32:09]} 7. Re1 {[%clk 1:30:03]}  b5 {[%clk 1:28:29]} 8. Bf1 {[%clk 1:29:48]}  Bb7 {[%clk 1:28:20]} 9. a4 {[%clk 1:28:48]}  bxa4 {[%clk 1:16:13]} 10. e4 {[%clk 1:06:12]}  Be7 {[%clk 0:51:40]} 11. e5 {[%clk 0:53:39]}  Nd5 {[%clk 0:45:44]} 12. dxc5 {[%clk 0:53:17]}  Bxc5 {[%clk 0:44:32]} 13. Nbd2 {[%clk 0:49:58]}  Nd7 {[%clk 0:40:29]} 14. Ne4 {[%clk 0:46:05]}  Be7 {[%clk 0:39:32]} 15. Bg5 {[%clk 0:31:48]}  O-O {[%clk 0:37:56]} 16. Bxe7 {[%clk 0:29:32]}  Qxe7 {[%clk 0:36:43]} 17. Rxa4 {[%clk 0:28:19]}  Rfb8 {[%clk 0:26:10]} 18. Qd2 {[%clk 0:25:57]}  Bc6 {[%clk 0:21:00]} 19. Rxa6 {[%clk 0:22:36]}  Rxa6 {[%clk 0:21:22]} 20. Bxa6 {[%clk 0:23:00]}  Qb4 {[%clk 0:21:37]} 21. Nd4 {[%clk 0:03:55]}  Ba8 {[%clk 0:16:41]} 22. Nc3 {[%clk 0:03:21]}  Qxb2 {[%clk 0:12:37]} 23. Qxb2 {[%clk 0:03:39]}  Rxb2 {[%clk 0:13:00]} 24. Nxd5 {[%clk 0:03:06]}  Bxd5 {[%clk 0:13:24]} 25. Bf1 {[%clk 0:02:20]}  g5 {[%clk 0:12:51]} 26. f3 {[%clk 0:01:49]}  Kg7 {[%clk 0:12:10]} 27. Re3 {[%clk 0:01:02]}  Nf8 {[%clk 0:10:27]} 28. g3 {[%clk 0:00:53]}  Rb4 {[%clk 0:08:51]} 29. Nb5 {[%clk 0:01:02]}  Ng6 {[%clk 0:08:19]} 30. Nd6 {[%clk 0:00:54]}  Rb3 {[%clk 0:06:24]} 31. Rxb3 {[%clk 0:00:50]}  Bxb3 {[%clk 0:06:47]} 32. Ne8+ {[%clk 0:00:37]}  Kf8 {[%clk 0:06:56]} 33. Nf6 {[%clk 0:00:43]}  h6 {[%clk 0:06:42]} 34. Nd7+ {[%clk 0:00:37]}  Ke7 {[%clk 0:05:37]} 35. Bb5 {[%clk 0:01:03]}  Bc4 {[%clk 0:05:33]} 36. Ba4 {[%clk 0:01:28]}  Ba6 {[%clk 0:05:17]} 37. Kf2 {[%clk 0:00:33]}  Bc8 {[%clk 0:05:34]} 38. Nb6 {[%clk 0:00:46]}  Kd8 {[%clk 0:05:44]} 39. f4 {[%clk 0:00:32]}  gxf4 {[%clk 0:06:01]} 40. gxf4 {[%clk 0:00:54]}  Nxf4 {[%clk 0:06:23]} 41. Bc2 {[%clk 0:27:08]}  Bb7 {[%clk 0:29:48]} 42. Nc4 {[%clk 0:24:26]}  Ba6 {[%clk 0:29:47]} 43. Ne3 {[%clk 0:20:11]}  h5 {[%clk 0:19:18]} 44. Ng2 {[%clk 0:19:16]}  Nxg2 {[%clk 0:14:37]} 45. Kxg2 {[%clk 0:19:38]}  Ke7 {[%clk 0:13:39]} 1/2-1/2

[Event "45th FIDE Chess Olympiad Open"]
[Site "Budapest, Hungary"]
[Date "2024.09.19"]
[Round "8"]
[White "Do Valle Cardoso, Lucas"]
[Black "Grigorov, Grigor"]
[Result "1-0"]
[Board "64"]
[WhiteFideId "2163144"]
[BlackFideId "2907313"]
[WhiteTitle "FM"]
[BlackTitle "GM"]
[WhiteElo "2364"]
[BlackElo "2514"]
[WhiteTeam "Brazil"]
[BlackTeam "Bulgaria"]
[WhiteClock "0:19:01"]
[BlackClock "0:25:34"]
[Variant "Standard"]

1. e4 {[%clk 1:30:27]}  c6 {[%clk 1:30:51]} 2. d4 {[%clk 1:29:56]}  d5 {[%clk 1:31:14]} 3. e5 {[%clk 1:30:23]}  Bf5 {[%clk 1:31:36]} 4. Nf3 {[%clk 1:30:08]}  e6 {[%clk 1:31:51]} 5. Be2 {[%clk 1:30:29]}  Nd7 {[%clk 1:32:04]} 6. O-O {[%clk 1:30:33]}  a5 {[%clk 1:32:20]} 7. Nbd2 {[%clk 1:30:42]}  a4 {[%clk 1:31:28]} 8. c4 {[%clk 1:30:20]}  h6 {[%clk 1:29:51]} 9. cxd5 {[%clk 1:30:44]}  cxd5 {[%clk 1:30:14]} 10. Nb1 {[%clk 1:31:10]}  Ne7 {[%clk 1:27:34]} 11. a3 {[%clk 1:18:26]}  Nc6 {[%clk 1:24:44]} 12. Nc3 {[%clk 1:17:03]}  Qa5 {[%clk 1:21:36]} 13. Bd2 {[%clk 1:15:55]}  Qa7 {[%clk 1:20:54]} 14. Bb5 {[%clk 1:09:04]}  Bg4 {[%clk 1:05:33]} 15. Be3 {[%clk 0:51:38]}  Nb6 {[%clk 0:57:39]} 16. h3 {[%clk 0:50:34]}  Bh5 {[%clk 0:57:33]} 17. Bd3 {[%clk 0:48:51]}  Be7 {[%clk 0:55:35]} 18. g4 {[%clk 0:45:14]}  Bg6 {[%clk 0:55:54]} 19. Bxg6 {[%clk 0:45:39]}  fxg6 {[%clk 0:56:17]} 20. Qc2 {[%clk 0:41:09]}  g5 {[%clk 0:44:32]} 21. Nb5 {[%clk 0:35:53]}  Qb8 {[%clk 0:44:54]} 22. Qg6+ {[%clk 0:36:20]}  Kd7 {[%clk 0:45:14]} 23. Qxg7 {[%clk 0:29:36]}  Qf8 {[%clk 0:23:39]} 24. Qxf8 {[%clk 0:29:27]}  Rhxf8 {[%clk 0:24:02]} 25. Nd2 {[%clk 0:27:18]}  Na5 {[%clk 0:24:13]} 26. Rac1 {[%clk 0:26:41]}  Nbc4 {[%clk 0:23:28]} 27. Nxc4 {[%clk 0:24:35]}  Nxc4 {[%clk 0:23:54]} 28. Rc2 {[%clk 0:21:48]}  Ra5 {[%clk 0:19:39]} 29. Nc3 {[%clk 0:21:15]}  Rf3 {[%clk 0:19:52]} 30. Nd1 {[%clk 0:19:33]}  Ra8 {[%clk 0:16:28]} 31. Kg2 {[%clk 0:18:39]}  Raf8 {[%clk 0:16:40]} 32. Rc3 {[%clk 0:15:31]}  b5 {[%clk 0:14:35]} 33. Bxg5 {[%clk 0:09:47]}  Rxc3 {[%clk 0:14:26]} 34. Bxe7 {[%clk 0:10:15]}  Kxe7 {[%clk 0:13:19]} 35. Nxc3 {[%clk 0:10:17]}  Nxb2 {[%clk 0:13:43]} 36. Nxb5 {[%clk 0:08:26]}  Rb8 {[%clk 0:13:50]} 37. Nc3 {[%clk 0:05:29]}  Rb3 {[%clk 0:13:26]} 38. Rb1 {[%clk 0:05:53]}  Rxc3 {[%clk 0:13:04]} 39. Rxb2 {[%clk 0:06:21]}  Rb3 {[%clk 0:11:48]} 40. Rc2 {[%clk 0:06:35]}  Kd7 {[%clk 0:10:16]} 41. Rc5 {[%clk 0:05:07]}  Rd3 {[%clk 0:09:12]} 42. Ra5 {[%clk 0:05:19]}  Rxd4 {[%clk 0:09:35]} 43. Ra7+ {[%clk 0:05:27]}  Ke8 {[%clk 0:07:28]} 44. f3 {[%clk 0:28:11]}  Rc4 {[%clk 0:36:12]} 45. Kg3 {[%clk 0:26:35]}  d4 {[%clk 0:35:30]} 46. Ra6 {[%clk 0:26:57]}  Ke7 {[%clk 0:32:14]} 47. Rd6 {[%clk 0:26:43]}  Rc3 {[%clk 0:32:36]} 48. Rxd4 {[%clk 0:26:49]}  Rxa3 {[%clk 0:32:49]} 49. Rd6 {[%clk 0:23:23]}  Ra1 {[%clk 0:27:59]} 50. Ra6 {[%clk 0:21:43]}  a3 {[%clk 0:28:05]} 51. Ra7+ {[%clk 0:22:02]}  Kd8 {[%clk 0:27:56]} 52. f4 {[%clk 0:21:45]}  Kc8 {[%clk 0:27:04]} 53. g5 {[%clk 0:19:32]}  hxg5 {[%clk 0:26:55]} 54. fxg5 {[%clk 0:20:00]}  Kb8 {[%clk 0:25:34]} 55. Ra4 {[%clk 0:19:01]} 1-0

[Event "45th FIDE Chess Olympiad Open"]
[Site "Budapest, Hungary"]
[Date "2024.09.19"]
[Round "8"]
[White "Henderson de La Fuente, Lance"]
[Black "Fedoseev, Vladimir"]
[Result "0-1"]
[Board "65"]
[WhiteFideId "32096585"]
[BlackFideId "24130737"]
[WhiteTitle "GM"]
[BlackTitle "GM"]
[WhiteElo "2519"]
[BlackElo "2692"]
[WhiteTeam "Andorra"]
[BlackTeam "Slovenia"]
[WhiteClock "0:00:34"]
[BlackClock "0:13:14"]
[Variant "Standard"]

1. e4 {[%clk 1:30:15]}  c6 {[%clk 1:30:39]} 2. Nf3 {[%clk 1:29:46]}  d5 {[%clk 1:30:33]} 3. d3 {[%clk 1:29:31]}  g6 {[%clk 1:30:22]} 4. e5 {[%clk 1:28:19]}  Bg7 {[%clk 1:30:22]} 5. d4 {[%clk 1:27:43]}  f6 {[%clk 1:30:44]} 6. exf6 {[%clk 1:25:26]}  exf6 {[%clk 1:31:04]} 7. Be2 {[%clk 1:24:17]}  Na6 {[%clk 1:31:17]} 8. O-O {[%clk 1:23:07]}  Nc7 {[%clk 1:28:54]} 9. c4 {[%clk 1:22:35]}  Ne7 {[%clk 1:28:55]} 10. Nc3 {[%clk 1:22:18]}  O-O {[%clk 1:23:10]} 11. Re1 {[%clk 1:17:31]}  g5 {[%clk 1:19:15]} 12. Bd3 {[%clk 0:59:06]}  dxc4 {[%clk 1:10:32]} 13. Bxc4+ {[%clk 0:59:13]}  Kh8 {[%clk 1:07:42]} 14. h3 {[%clk 0:54:00]}  Bf5 {[%clk 1:03:00]} 15. Ne4 {[%clk 0:51:29]}  g4 {[%clk 0:56:49]} 16. hxg4 {[%clk 0:40:55]}  Bxg4 {[%clk 0:57:15]} 17. Qd3 {[%clk 0:39:42]}  Ng6 {[%clk 0:52:40]} 18. Nh2 {[%clk 0:31:01]}  Bf5 {[%clk 0:50:18]} 19. Bd2 {[%clk 0:20:26]}  Qd7 {[%clk 0:31:05]} 20. Rad1 {[%clk 0:20:20]}  Rfe8 {[%clk 0:28:20]} 21. Bc1 {[%clk 0:16:34]}  Re7 {[%clk 0:23:58]} 22. Nf1 {[%clk 0:14:15]}  Rae8 {[%clk 0:19:44]} 23. f3 {[%clk 0:14:29]}  Nh4 {[%clk 0:18:12]} 24. Nfg3 {[%clk 0:10:10]}  Bg6 {[%clk 0:13:37]} 25. Rf1 {[%clk 0:10:22]}  f5 {[%clk 0:12:38]} 26. Nc3 {[%clk 0:07:32]}  f4 {[%clk 0:12:44]} 27. Nge4 {[%clk 0:07:55]}  Nd5 {[%clk 0:13:08]} 28. Ne2 {[%clk 0:01:49]}  Nxg2 {[%clk 0:12:50]} 29. Kxg2 {[%clk 0:00:34]}  Rxe4 {[%clk 0:13:14]} 0-1